Międzynarodowe wersje Totalnej Porażki - Statystyki

Ogólne statystyki
  • Ten quiz został rozwiązany 5 razy
  • Średni wynik to 22 z 25
Statystyki odpowiedzi
Język Tytuł % Poprawnych
Bułgarski Остров Пълна драма
100%
Duński Total Drama Island
100%
Estoński Täiega draama: Saare-eri
100%
Francuski (Francja) L'Île des défis extrêmes
100%
Francuski (Kanada) L'Île des défis extrêmes
100%
Hiszpański (Hiszpania) Total Drama Island
100%
Hiszpański (Wenezuela) Isla del drama
100%
Holenderski Total Drama Island
100%
Irlandzki Total Drama Island
100%
Litewski Iššūkių sala
100%
Łotewski Drāma uz salas
100%
Mandaryński (Tajwan) 孤島生存大亂鬥
100%
Polski Wyspa Totalnej Porażki
100%
Portugalski (Brazylia) Ilha dos Desafios Drama Total
100%
Portugalski (Portugalia) A Ilha dos Desafios
100%
Rosyjski Остров отчаянных героев
100%
Rumuński Insula dramei totale
100%
Szwedzki Total Drama Island
100%
Turecki Drama Adası
100%
Węgierski Totál dráma sziget
100%
Włoski A tutto reality - L'isola
100%
Hebrajski אי-שרדות
50%
Norweski Total Drama Island
50%
Kataloński Un drama total d'illa
0%
Perski جزیره آرزوها
0%
Nie znaleziono quizów pasujących do podanych kryteriów
Rozkład punktacji
Procent ludzi z każdym wynikiem
Percentyl według liczby udzielonych odpowiedzi
Twoja historia wyników
Nie rozwiązałeś tego quizu